000 00593nam a2200145 a 4500
001 000027214
005 20240409073641.0
008 110330s1960 dr 000 0 spa d
040 _aDO-SdBNP
_bspa
_cBNPHU
245 0 0 _aMensaje que al generalisimo Dr. Rafael L. Trujillo Molina, benefactor de la Patria Nueva dirigen los profesionales universitarios dominicanos exponiendole su pensamiento político.
260 _aCiudad Trujillo, República Dominicana :
_bDel Caribe,
_c1960.
300 _a58 p. ;
_c24 cm.
600 1 0 _aTrujillo Molina, Rafael Leónidas,
_d 1891-1961
_976764
049 _aBNPD
999 _c26706
_d26706